000 01209cam a22003377a 4500
001 5818
003 FISKH
005 20250123105803.0
008 121219s2012 nyua j 001 0 eng d
010 _a 2012288870
020 _a9780545467032
020 _a0545467039
040 _aUWT
_cUWT
_dDLC
_beng
050 _aQL467.C36
082 _a595.7
100 1 _aCaputo, Christine A.,
_d1966-
245 1 0 _aInsects and spiders /
_cChristine A. Caputo
260 _aNew York :
_bScholastic,
_c2012.
300 _a32 pages :
_bcolor illustrations ;
_c23 cm
490 1 _aSmart words reader
500 _a"20 science vocabulary words in every book!"--Cover.
500 _a"This edition is available for distribution only through the school market"--P. [4] of cover.
500 _aIncludes index.
505 0 _aIrresistible insects -- Itsy-bitsy spider -- Crawling all around.
520 _aLearn about insects and spiders while building your science vocabulary. Includes vocabulary quizzes and answer key.
650 0 _aInsects
_vJuvenile literature.
650 0 _aSpiders
_vJuvenile literature.
906 _a7
_bcbc
_ccopycat
_d2
_encip
_f20
_gy-gencatlg
942 _2ddc
_cBK
_n0
999 _c5818
_d5818